00959nam a22001817a 4500008004100000020001500041050002000056100002900076240005400105245019900159260005000358300003600408500006400444505019300508650001400701650002400715650003800739190712b2005 mx a|||| |||| 00| 0 spa d a9706557563 aRG525 bM37518  aHarms, Roger W.eautor,  aMayo, mayo clinic health information lEspañol  aClínica mayob: guía para un embarazo saludable c/ editor en jefe: Roger W., Harms; editores médicos asociados: Robert V. Johnson y Mary M., Murry; traducción: M en C. Mayra Lerma Ortiz aMéxicob: Intersistemas : Trillas c, 2005  a614 páginasb: Ilustraciones  aIncluye: Glosario (pp. 589 - 594), Índice (pp. 595 - 614) aEmbarazo, parto y el recién nacido Guías de decisión para embarazo, parto y maternidad (paternidad) Guía de referencia del embarazo Complicaciones del embarazo y del parto  0aEMBARAZO  0aATENCIÓN PRENATAL 0aEMBARAZOvOBRAS DE DIVULGACIÓN